| 000 | 00700nam a22002297a 4500 | ||
|---|---|---|---|
| 999 |
_c93235 _d93235 |
||
| 005 | 20221216112948.0 | ||
| 010 | _a 1516EN07 ENG-112779 ENG-135887 | ||
| 020 |
_c495.00 _a9788120350984 |
||
| 035 | _aEN-96311 EN-119420 | ||
| 037 | _bDBAD/PUB | ||
| 037 | _bUBH/Ven | ||
| 082 | _a657.45 | ||
| 100 | _aRavinder Kumar | ||
| 245 |
_aAuditing : _cby Ravinder Kumar [and] Virender Sharma _bprinciples and practice / |
||
| 250 | _a3rd ed | ||
| 260 |
_aDelhi _bPHI Learning _c2015 |
||
| 270 |
_a111, Patparganj Industrial Estate, _bDelhi _e110092 |
||
| 300 |
_axx,556p. _c24cm(pbk) |
||
| 500 | _aIncludes index | ||
| 700 | _aSharma, Virender | ||
| 942 |
_2ddc _cEN _mRAV _h657.45 |
||